[Event "Russian Championship B15 2016"]
[Site "Loo"]
[Date "2016.04.20"]
[Round "1.15"]
[White "Ter-Saakian, Grigorii"]
[Black "Terzyan, Nazar"]
[Result "0-1"]
[WhiteElo "1921"]
[BlackElo "1708"]
[PlyCount "120"]
[EventDate "2016.04.20"]

1. d4 Nf6 2. Nf3 d5 3. e3 e6 4. Bd3 b6 5. O-O Bb7 6. b3 Bd6 7. Bb2 O-O 8. Nbd2
c5 9. Ne5 Ne4 10. Bxe4 dxe4 11. Ndc4 Be7 12. h3 f6 13. Ng4 b5 14. Na3 a6 15. c4
b4 16. Nc2 Qc7 17. Qe2 Nd7 18. Rfd1 Bd6 19. g3 f5 20. Nh2 e5 21. d5 f4 22. exf4
exf4 23. gxf4 Bxf4 24. Nf1 Ne5 25. Qxe4 Rae8 26. Qg2 Rf6 27. Kh1 Bc8 28. Ng3
Rh6 29. Kh2 Bg4 30. Bxe5 Bxe5 31. Ne3 Bxh3 32. Qxh3 Rxh3+ 33. Kxh3 Bxa1 34.
Rxa1 Qf4 35. Kg2 Rf8 36. Rf1 Qf3+ 37. Kg1 Rf6 38. Ng2 h5 39. Nh4 Qg4 40. Ng2 h4
41. Nxh4 Qxh4 42. Kg2 Qf4 43. Nh5 Qg4+ 44. Ng3 Qf3+ 45. Kg1 g5 46. Nh1 Rf4 47.
Ng3 Rg4 48. Re1 Rxg3+ 49. fxg3 Qxg3+ 50. Kf1 Qf3+ 51. Kg1 g4 52. d6 Qg3+ 53.
Kf1 Qxd6 54. Re8+ Kf7 55. Re2 g3 56. Kg2 Qd3 57. Rb2 Qe4+ 58. Kh3 Qf3 59. Rg2
Ke6 60. Rxg3 Qh5+ 0-1

[Event "Russian Championship B15 2016"]
[Site "Loo"]
[Date "2016.04.20"]
[Round "1.16"]
[White "Petrushin, Dmitriy"]
[Black "Shumilov, Demyan"]
[Result "0-1"]
[WhiteElo "1699"]
[BlackElo "1897"]
[PlyCount "112"]
[EventDate "2016.04.20"]

1. e4 c6 2. d4 d5 3. Nc3 dxe4 4. Nxe4 Nd7 5. Nf3 Ngf6 6. Ng3 e6 7. Bf4 Nb6 8.
Qd2 Nbd5 9. Be5 Nd7 10. Ne4 Nxe5 11. Nxe5 Be7 12. Be2 Qb6 13. Nc4 Qc7 14. c3 h6
15. Ne5 a6 16. Bh5 O-O 17. O-O Nf6 18. Nxf6+ Bxf6 19. f4 c5 20. dxc5 Qxc5+ 21.
Kh1 b5 22. Bf3 Ra7 23. Rae1 Rd8 24. Qe2 Bb7 25. Rd1 Rxd1 26. Rxd1 Bxe5 27. Bxb7
Bf6 28. Be4 Rc7 29. Qd3 a5 30. h3 Rc8 31. Qe2 b4 32. cxb4 Qxb4 33. b3 Qb8 34.
Rf1 Rd8 35. g3 Qb4 36. Bd3 Qc3 37. Rd1 Qc5 38. Kh2 Rb8 39. Bc4 Qa7 40. a4 Rc8
41. Rd2 Kh8 42. Rc2 Rd8 43. Rd2 Rd4 44. Bd3 Qc5 45. Rc2 Qd6 46. Bb5 g6 47. Bc4
Kg7 48. Qe1 Rd1 49. Qxa5 Qd4 50. Rg2 Qa1 51. g4 Qc1 52. Be2 Qxf4+ 53. Rg3 Rd2
54. Qb5 Be5 55. Kg2 Qxg3+ 56. Kf1 Bd4 0-1

[Event "Russian Championship B15 2016"]
[Site "Loo"]
[Date "2016.04.20"]
[Round "1.17"]
[White "Pshmahov, Osman"]
[Black "Khaliullin, Albert"]
[Result "0-1"]
[WhiteElo "1878"]
[BlackElo "1689"]
[PlyCount "123"]
[EventDate "2016.04.20"]

1. e4 e6 2. d4 d5 3. exd5 exd5 4. Nc3 c6 5. Bf4 Bd6 6. Bxd6 Qxd6 7. Qd2 Ne7 8.
Bd3 O-O 9. Nge2 Bf5 10. O-O Nd7 11. Ng3 Bxd3 12. Qxd3 Rfe8 13. Rfe1 Nf8 14.
Nce2 Qf6 15. c4 dxc4 16. Qxc4 Nd5 17. Nc3 Nb6 18. Qd3 Ne6 19. Rad1 Nf4 20.
Rxe8+ Rxe8 21. Qc2 Nbd5 22. Nce4 Qg6 23. Qb1 f5 24. Nc3 Nxc3 25. bxc3 h5 26.
Kh1 Rf8 27. Qb3+ Kh7 28. c4 h4 29. Qf3 hxg3 30. fxg3 Nh5 31. Rf1 Re8 32. Kg1
Re4 33. Rd1 Qg4 34. d5 cxd5 35. cxd5 Qxf3 36. gxf3 Re7 37. d6 Rd7 38. Rd5 Nf6
39. Rxf5 Rxd6 40. Re5 Rd1+ 41. Kg2 Rd2+ 42. Kh3 Rxa2 43. g4 a5 44. g5 Nd7 45.
Re7 Nc5 46. f4 Kg6 47. Rc7 Ne6 48. Rxb7 Nxf4+ 49. Kg4 Nd5 50. h4 Ra4+ 51. Kg3
Ne3 52. Rb6+ Kh5 53. Rb5 g6 54. Kf2 Nf5 55. Ke1 Nxh4 56. Kd2 Kg4 57. Kc3 Kf4
58. Kd2 Ra3 59. Ke1 Ra2 60. Rb3 a4 61. Rb6 Kxg5 62. Rb4 0-1

[Event "Russian Championship B15 2016"]
[Site "Loo"]
[Date "2016.04.20"]
[Round "1.18"]
[White "Kozubov, Mikhail"]
[Black "Polyanskiy, Vladislav"]
[Result "1/2-1/2"]
[WhiteElo "1687"]
[BlackElo "1873"]
[PlyCount "96"]
[EventDate "2016.04.20"]

1. d4 Nf6 2. c4 e6 3. Nc3 Bb4 4. e3 d5 5. Bd2 c5 6. a3 Bxc3 7. Bxc3 cxd4 8.
Bxd4 O-O 9. Nf3 dxc4 10. Bxc4 Nc6 11. O-O b6 12. b4 Bb7 13. Bb2 Rc8 14. Bb3 Qe7
15. Qe2 Rfd8 16. Rfd1 h6 17. h3 Rxd1+ 18. Rxd1 Rd8 19. Rxd8+ Qxd8 20. Qd2 Qxd2
21. Nxd2 Kf8 22. f3 Ne8 23. Nc4 Ba6 24. Kf2 Ke7 25. e4 Bxc4 26. Bxc4 f6 27. Ke3
Nc7 28. f4 Nd8 29. g3 Ne8 30. g4 Nd6 31. Bd3 N6f7 32. h4 e5 33. Bc4 exf4+ 34.
Kxf4 Ne6+ 35. Bxe6 Kxe6 36. Bc3 b5 37. Bd4 a6 38. Bb2 Nd6 39. Bc1 Nc4 40. g5
fxg5+ 41. hxg5 hxg5+ 42. Kxg5 Ke5 43. Kg6 Kxe4 44. Kxg7 Kd3 45. Kf6 Kc2 46. Bh6
Nxa3 47. Ke5 Kb3 48. Bf8 Kc3 {далее запись неразбор~~ива} 1/2-1/2

[Event "Russian Championship B15 2016"]
[Site "Loo"]
[Date "2016.04.20"]
[Round "1.19"]
[White "Tarasov, Danila"]
[Black "Tsyrendashiev, Bato"]
[Result "1/2-1/2"]
[WhiteElo "1868"]
[BlackElo "1687"]
[PlyCount "93"]
[EventDate "2016.04.20"]

1. e4 c5 2. d4 cxd4 3. c3 Nf6 4. e5 Nd5 5. Qxd4 e6 6. Nf3 Nc6 7. Qd1 d6 8. exd6
Bxd6 9. Bd3 h6 10. O-O O-O 11. Nbd2 Ne5 12. Nxe5 Bxe5 13. Nf3 Bd6 14. Bc2 Qe7
15. Qd3 Nf6 16. Re1 Rd8 17. Qe2 b6 18. Ne5 Bb7 19. Bf4 Rac8 20. Bg3 Bb8 21.
Rad1 a6 22. c4 b5 23. Rxd8+ Qxd8 24. cxb5 axb5 25. Bb3 Bd5 26. Qxb5 Bxb3 27.
Qxb3 Nh5 28. Nf3 Nxg3 29. hxg3 Qc7 30. Qa4 Ba7 31. Ne5 Qb6 32. Qf4 Rc7 33. Rd1
Qxb2 34. Rd8+ Kh7 35. Nxf7 Qxf2+ 36. Qxf2 Rxf7 37. Qxa7 Rxa7 38. Rd6 Rxa2 39.
Rxe6 h5 40. Kh2 Ra3 41. Rb6 g6 42. Rb8 Kh6 43. Rb5 Ra4 44. Rc5 Rg4 45. Ra5 Rg5
46. Rxg5 Kxg5 47. Kh3 1/2-1/2

[Event "Russian Championship B15 2016"]
[Site "Loo"]
[Date "2016.04.20"]
[Round "1.20"]
[White "Evseev, Andrew"]
[Black "Galichkin, Ilya"]
[Result "1/2-1/2"]
[WhiteElo "1682"]
[BlackElo "1866"]
[PlyCount "81"]
[EventDate "2016.04.20"]

1. e4 e6 2. d4 d5 3. exd5 exd5 4. Nf3 Nf6 5. Bd3 c5 6. c3 Bd6 7. Bg5 O-O 8. O-O
Bg4 9. Nbd2 Nc6 10. Qc2 h6 11. Bh4 Be6 12. Rfe1 Rc8 13. dxc5 Bxc5 14. Bf5 Re8
15. Rad1 Qd7 16. Bxe6 fxe6 17. Bxf6 gxf6 18. Ne4 Be7 19. Ng3 Bd6 20. Nd4 Nxd4
21. Rxd4 f5 22. Qd2 Qg7 23. Nh5 Qg6 24. Qe2 Kf7 25. Nf4 Bxf4 26. Rxf4 Rg8 27.
g3 a6 28. Rb4 Rc7 29. Qe3 Re8 30. a4 Qf6 31. Rb6 Ree7 32. Kg2 Rc4 33. a5 Re4
34. Qd2 Rc4 35. Qe3 Re4 36. Qd2 Rc4 37. Qe3 Re4 38. Qd2 Rc4 39. Qe3 Re4 40. Qd2
Rc4 41. Qe3 1/2-1/2

[Event "Russian Championship B15 2016"]
[Site "Loo"]
[Date "2016.04.20"]
[Round "1.21"]
[White "Mochalin, Faddey"]
[Black "Pestryakov, Nikita"]
[Result "1-0"]
[WhiteElo "1866"]
[BlackElo "1659"]
[PlyCount "79"]
[EventDate "2016.04.20"]

1. d4 Nf6 2. c4 c5 3. d5 b5 4. cxb5 a6 5. bxa6 Bxa6 6. Nc3 d6 7. e4 Bxf1 8.
Kxf1 g6 9. g3 Bg7 10. Kg2 Nbd7 11. Nf3 O-O 12. a4 Qb6 13. Qe2 Rfb8 14. Bd2 Ne8
15. Rhb1 Nc7 16. Nd1 Qb3 17. Ra3 Qb7 18. b3 Na6 19. Nc3 Nc7 20. Ra2 Nb6 21. Re1
Nd7 22. Rb2 Ra6 23. Reb1 Rb6 24. Ne1 Rb4 25. Nc2 Rb6 26. b4 Qa8 27. b5 f5 28.
a5 R6b7 29. b6 Na6 30. exf5 gxf5 31. Ra2 Nb4 32. Nxb4 cxb4 33. Rxb4 Rc8 34.
Qe6+ Kh8 35. Nb5 Nc5 36. Qxf5 Rf8 37. Qc2 Rbb8 38. Nc7 Qb7 39. Rh4 h6 40. Bxh6
1-0

[Event "Russian Championship B15 2016"]
[Site "Loo"]
[Date "2016.04.20"]
[Round "1.22"]
[White "Erokhin, Artem"]
[Black "Privalov, Igor"]
[Result "0-1"]
[WhiteElo "1655"]
[BlackElo "1864"]
[PlyCount "102"]
[EventDate "2016.04.20"]

1. e4 c5 2. c3 d5 3. exd5 Qxd5 4. d4 Nf6 5. Nf3 e6 6. Be2 Be7 7. O-O O-O 8. Be3
cxd4 9. cxd4 Nc6 10. Nc3 Qd6 11. Qd2 Nb4 12. Bf4 Qd8 13. Rfd1 b6 14. Rac1 Nbd5
15. Bg3 Bb7 16. Be5 Rc8 17. Nb5 a6 18. Rxc8 Bxc8 19. Nc3 Bb7 20. a3 b5 21. Bd3
Qa8 22. Ne4 Nxe4 23. Bxe4 Nb6 24. Bxb7 Qxb7 25. Rc1 Rc8 26. Rc2 Rxc2 27. Qxc2
Qc8 28. Qxc8+ Nxc8 29. Bc7 Bd6 30. Bxd6 Nxd6 31. Ne5 f6 32. Nd3 Kf7 33. Kf1 a5
34. Ke2 Nf5 35. Nc5 Nxd4+ 36. Kd3 e5 37. Nb7 a4 38. Nd6+ Ke7 39. Ne4 Ke6 40. f3
Kd5 41. Nc3+ Kc6 42. Ne4 Ne6 43. g3 Nc5+ 44. Kc3 Nxe4+ 45. fxe4 g6 46. g4 Kc5
47. b4+ Kd6 48. Kd3 Ke6 49. Ke3 f5 50. g5 fxe4 51. Kxe4 Kd6 0-1

[Event "Russian Championship B15 2016"]
[Site "Loo"]
[Date "2016.04.20"]
[Round "1.23"]
[White "Golovin, Nikita A"]
[Black "Boyko, Aleksandr"]
[Result "1-0"]
[WhiteElo "1853"]
[BlackElo "1635"]
[PlyCount "85"]
[EventDate "2016.04.20"]

1. e4 c5 2. Nc3 d6 3. f4 e6 4. Bc4 Nf6 5. Nf3 Be7 6. O-O O-O 7. d3 a6 8. a4 Nc6
9. h3 d5 10. Ba2 Nb4 11. e5 Nd7 12. d4 cxd4 13. Nxd4 Bc5 14. Be3 Qb6 15. Nce2
Nxa2 16. Rxa2 Qc7 17. c3 Nb6 18. b4 Be7 19. Kh1 Nc4 20. Bg1 Bd7 21. Ng3 Bh4 22.
Qg4 Bxg3 23. Qxg3 Nb6 24. f5 Rac8 25. f6 g6 26. Qg5 Kh8 27. Qh6 Rg8 28. Nf3 g5
29. Nxg5 Rxg5 30. Qxg5 Rg8 31. Qh5 Rg6 32. a5 Na4 33. Rf4 Qxc3 34. Rh4 h6 35.
Rg4 Kh7 36. Rxg6 fxg6 37. Qf3 Qxb4 38. f7 Qf8 39. Rxa4 Kg7 40. Qf6+ Kh7 41. Rg4
g5 42. Bc5 Qxc5 43. f8=Q 1-0

[Event "Russian Championship B15 2016"]
[Site "Loo"]
[Date "2016.04.20"]
[Round "1.24"]
[White "Gafarov, Damir"]
[Black "Babakekhyan, Artem"]
[Result "1/2-1/2"]
[WhiteElo "1597"]
[BlackElo "1846"]
[PlyCount "118"]
[EventDate "2016.04.20"]

1. e4 c5 2. Nf3 d6 3. d4 cxd4 4. Nxd4 Nf6 5. Nc3 g6 6. Be3 Bg7 7. f3 O-O 8. Qd2
Nc6 9. Bc4 Bd7 10. O-O-O Rc8 11. Bb3 Ne5 12. h4 h5 13. g4 hxg4 14. h5 Nxh5 15.
Bh6 e6 16. Bxg7 Kxg7 17. fxg4 Nxg4 18. Rdg1 e5 19. Nf5+ Bxf5 20. exf5 Nhf6 21.
Nd5 Rh8 22. c3 Rc5 23. Rxh8 Qxh8 24. Nxf6 Nxf6 25. fxg6 d5 26. Qg5 Qh5 27. Qe3
b6 28. Bd1 Qf5 29. Rg5 Qf4 30. gxf7+ Kxf7 31. Rxe5 Qxe3+ 32. Rxe3 b5 33. Bc2 a5
34. Kd2 b4 35. Kd3 bxc3 36. bxc3 Ng4 37. Rg3 Rc4 38. Bb3 Ne5+ 39. Ke2 Re4+ 40.
Re3 Rxe3+ 41. Kxe3 Ke6 42. Kd4 Kd6 43. Bxd5 Nd7 44. Be4 Nb6 45. Bc2 Nd5 46. a3
Nb6 47. Bf5 Na4 48. Be4 Nc5 49. Bf3 Nb3+ 50. Kd3 Kc7 51. Bd5 Nc5+ 52. Kc4 Kb6
53. Bf3 Na4 54. Be4 Nc5 55. Kd5 Na4 56. c4 Nc5 57. Bf5 Na4 58. Bc2 Nc5 59. Kd4
Nd7 1/2-1/2

[Event "Russian Championship B15 2016"]
[Site "Loo"]
[Date "2016.04.20"]
[Round "1.25"]
[White "Esipenko, Aleksandr"]
[Black "Butorov, Lev"]
[Result "1-0"]
[WhiteElo "1846"]
[BlackElo "1571"]
[PlyCount "89"]
[EventDate "2016.04.20"]

1. e4 e5 2. Nf3 Nc6 3. Nc3 Nf6 4. Bb5 Bb4 5. O-O O-O 6. d3 d6 7. Bg5 h6 8. Bh4
Bg4 9. Bxf6 Qxf6 10. Nd5 Qd8 11. Bxc6 bxc6 12. Nxb4 a5 13. Nxc6 Qd7 14. Ncxe5
dxe5 15. Nxe5 Bxd1 16. Nxd7 Rfd8 17. Nf6+ gxf6 18. Rfxd1 Rab8 19. b3 Kg7 20. f4
c5 21. Kf2 h5 22. Ke3 f5 23. e5 f6 24. c3 Rd5 25. d4 Rbd8 26. Rd2 fxe5 27. fxe5
cxd4+ 28. cxd4 f4+ 29. Ke4 Kg6 30. Rf1 Kg5 31. h4+ Kxh4 32. Rxf4+ Kg5 33. g3
R5d7 34. d5 Re7 35. d6 Re6 36. Kd5 Ree8 37. e6 h4 38. Rxh4 Kf6 39. Rf4+ Kg7 40.
d7 Re7 41. Kd6 Rxe6+ 42. Kxe6 Kg8 43. Ke7 Ra8 44. d8=Q+ Rxd8 45. Rxd8+ 1-0

[Event "Russian Championship B15 2016"]
[Site "Loo"]
[Date "2016.04.20"]
[Round "1.26"]
[White "Zheleznov, Daniil"]
[Black "Rubtsov, Aleksandr"]
[Result "0-1"]
[WhiteElo "1567"]
[BlackElo "1834"]
[PlyCount "108"]
[EventDate "2016.04.20"]

1. d4 d5 2. Nf3 Nf6 3. Bf4 c5 4. dxc5 e6 5. c3 Bxc5 6. e3 O-O 7. Bd3 Nc6 8. O-O
Re8 9. Be2 h6 10. Nbd2 e5 11. Bg3 Bf5 12. Bb5 Bd6 13. Re1 a6 14. Bf1 Qc7 15.
Nb3 Rad8 16. Kh1 Bf8 17. Ng1 Ne4 18. Bd3 Nxg3+ 19. hxg3 Bxd3 20. Qxd3 e4 21.
Qe2 Ne5 22. Nd4 Nd3 23. Red1 Bc5 24. Nh3 Bxd4 25. cxd4 g5 26. Kh2 Qd6 27. f3 f5
28. Nf2 Nxf2 29. Qxf2 Rf8 30. Rac1 h5 31. Rh1 Kg7 32. f4 g4 33. Kg1 Kh6 34. Qd2
Rc8 35. Kf2 Qb6 36. Rxc8 Rxc8 37. Rc1 Rxc1 38. Qxc1 Qa5 39. a3 Kg6 40. Qc3 Qb5
41. Qb4 Qxb4 42. axb4 Kf6 43. Ke2 Ke6 44. Kd2 Kd6 45. Kc3 Kc6 46. Kb3 Kb5 47.
Kc3 Ka4 48. b3+ Ka3 49. Kc2 Kxb4 50. Kb2 b5 51. Kc2 a5 52. Kb2 a4 53. bxa4 bxa4
54. Kc2 Kc4 0-1

[Event "Russian Championship B15 2016"]
[Site "Loo"]
[Date "2016.04.20"]
[Round "1.27"]
[White "Shihaliev, Leonard"]
[Black "Gaglazov, Mikhail"]
[Result "1-0"]
[WhiteElo "1815"]
[BlackElo "1562"]
[PlyCount "119"]
[EventDate "2016.04.20"]

1. e4 e6 2. d4 d5 3. Nc3 Nf6 4. e5 Nfd7 5. f4 c5 6. Nf3 Nc6 7. Be3 Be7 8. Qd2
a6 9. Be2 O-O 10. O-O b5 11. a3 Qb6 12. Rad1 cxd4 13. Nxd4 Bc5 14. Kh1 Nxd4 15.
Bxd4 Bxd4 16. Qxd4 Qxd4 17. Rxd4 Bb7 18. Re1 Nb6 19. Kg1 Rfc8 20. Kf2 Rc5 21.
Red1 Kf8 22. Ke3 Rac8 23. g3 Ke7 24. Bd3 h6 25. Rf1 Nc4+ 26. Bxc4 Rxc4 27. Rfd1
Bc6 28. R1d2 Be8 29. g4 f6 30. Rxc4 Rxc4 31. Rd4 fxe5 32. Rxc4 bxc4 33. fxe5
Bg6 34. Kd2 Kd7 35. Ne2 Be4 36. Nd4 g5 37. Ke3 Bg6 38. Kf3 Bf7 39. Kg3 Ke8 40.
h4 gxh4+ 41. Kxh4 Ke7 42. c3 Kf8 43. Nc6 Be8 44. Nd4 Bf7 45. Ne2 Kg7 46. Nf4
Kg8 47. Kg3 Kg7 48. Kh3 Kg8 49. Kh4 Kg7 50. g5 hxg5+ 51. Kxg5 Bg8 52. Nh5+ Kf8
53. Kf6 Ke8 54. Nf4 Kd7 55. Kg7 Kc6 56. Kxg8 Kb5 57. Nxe6 a5 58. Nd4+ Ka4 59.
Nc6 Kb3 60. e6 1-0

[Event "Russian Championship B15 2016"]
[Site "Loo"]
[Date "2016.04.20"]
[Round "1.28"]
[White "Egorov, Georgiy"]
[Black "Breskanu, Nikita"]
[Result "0-1"]
[WhiteElo "1557"]
[BlackElo "1810"]
[PlyCount "60"]
[EventDate "2016.04.20"]

1. e4 c5 2. Nf3 Nc6 3. Nc3 d6 4. Bb5 g6 5. d4 cxd4 6. Nxd4 Bd7 7. Nxc6 bxc6 8.
Bc4 Bg7 9. Bd2 Nf6 10. O-O Rb8 11. Bb3 O-O 12. Qc1 d5 13. exd5 cxd5 14. Bh6 d4
15. Bxg7 Kxg7 16. Nd5 Nxd5 17. Bxd5 Qb6 18. b3 Qc5 19. Bc4 Bb5 20. Bxb5 Qxb5
21. Qb2 e5 22. f4 f6 23. fxe5 fxe5 24. Rfe1 Qc5 25. Kh1 Rf2 26. Rac1 Qd5 27.
Rg1 Rbf8 28. Qa3 R8f7 29. Qa6 e4 30. Rgf1 Qc6 0-1

[Event "Russian Championship B15 2016"]
[Site "Loo"]
[Date "2016.04.20"]
[Round "1.29"]
[White "Kataev, Aleksandr"]
[Black "Reva, Lev"]
[Result "1-0"]
[WhiteElo "1800"]
[BlackElo "1495"]
[PlyCount "115"]
[EventDate "2016.04.20"]

1. e4 c5 2. Nf3 Nc6 3. d4 cxd4 4. Nxd4 g6 5. Nc3 Bg7 6. Be3 d6 7. Be2 Nf6 8.
O-O O-O 9. f4 h5 10. Nxc6 bxc6 11. f5 Kh7 12. Qe1 e6 13. fxg6+ fxg6 14. Rd1 Qc7
15. Qg3 e5 16. Bg5 Be6 17. h3 Rad8 18. Kh1 Qb6 19. b3 Qb4 20. Rf3 Rd7 21. Rdf1
Rdf7 22. Qh4 Ne8 23. Nb1 Rxf3 24. Rxf3 Rxf3 25. Bxf3 Qa5 26. Bxh5 Bf7 27. Bf3+
Kg8 28. a4 Qc5 29. c4 Qb4 30. Nd2 Nc7 31. Qf2 Ne6 32. Be3 c5 33. g3 Nd4 34. Bd1
a5 35. h4 Qb7 36. g4 Qe7 37. Kg2 Bf6 38. Kh3 g5 39. Nf3 Nxf3 40. Qxf3 gxh4 41.
Bd2 Qd8 42. Qc3 Bg6 43. Bf3 Qb8 44. g5 Bd8 45. Kxh4 Qb7 46. Qd3 Qh7+ 47. Kg3
Bc7 48. Qd5+ Qf7 49. Qa8+ Qf8 50. Qb7 Qe7 51. Bg4 Qd8 52. Bf5 Bf7 53. g6 Be8
54. Kg4 Bd7 55. Bg5 Bxf5+ 56. exf5 Qd7 57. Qd5+ Kf8 58. Bh6+ 1-0

[Event "Russian Championship B15 2016"]
[Site "Loo"]
[Date "2016.04.20"]
[Round "1.30"]
[White "Donets, Nikolai"]
[Black "Zhakamukhov, Eduard"]
[Result "0-1"]
[WhiteElo "1295"]
[BlackElo "1794"]
[PlyCount "100"]
[EventDate "2016.04.20"]

1. e4 c5 2. Nf3 d6 3. d4 cxd4 4. Nxd4 Nf6 5. Nc3 a6 6. Bd3 e5 7. Nf3 Be7 8. Bg5
Bg4 9. h3 Bh5 10. Qd2 h6 11. Be3 Nbd7 12. g4 Bg6 13. Nh4 Bh7 14. Nf5 Bxf5 15.
gxf5 Nc5 16. Bxc5 dxc5 17. O-O-O Nh5 18. Kb1 O-O 19. Rhg1 Kh7 20. Qe2 Nf6 21.
Nd5 Nxd5 22. exd5 Bf6 23. Be4 Qd6 24. Rg3 b5 25. h4 Bxh4 26. Rxg7+ Kxg7 27. Qh5
Bg5 28. Rg1 Qf6 29. Qg4 Rg8 30. f4 exf4 31. Qxf4 Rae8 32. d6 Qd4 33. Rxg5+ hxg5
34. Qxg5+ Kf8 35. Qh6+ Qg7 36. Qxg7+ Rxg7 37. b3 Rxe4 38. d7 Rd4 39. f6 Rg6 40.
d8=Q+ Rxd8 41. Kb2 Rxf6 42. Kc3 Rf3+ 43. Kb2 Rd2 44. Ka3 Rff2 45. b4 c4 46. Kb2
Rxc2+ 47. Kb1 Ke7 48. a4 f6 49. axb5 axb5 50. Ka1 Rf1# 0-1

[Event "Russian Championship B13 1st league 2016"]
[Site "Loo"]
[Date "2016.04.20"]
[Round "1.1"]
[White "Volovich, Vasily"]
[Black "Sobashnikov, Ivan"]
[Result "1-0"]
[WhiteElo "1875"]
[BlackElo "1525"]
[PlyCount "73"]
[EventDate "2016.04.20"]

1. e4 c5 2. c3 d5 3. exd5 Qxd5 4. d4 Nf6 5. Nf3 Bg4 6. Be2 e6 7. h3 Bh5 8. O-O
Nc6 9. Be3 cxd4 10. Nxd4 Bxe2 11. Qxe2 a6 12. Rd1 Be7 13. a4 O-O 14. Na3 Rfd8
15. Nc4 Nxd4 16. Bxd4 Qc6 17. a5 Qb5 18. Rd2 Bc5 19. Bxf6 Rxd2 20. Qg4 Bf8 21.
Nxd2 Qxb2 22. Rd1 h5 23. Qg5 Qc2 24. Rb1 g6 25. Bd4 Bg7 26. Bxg7 Kxg7 27. Rxb7
Qxc3 28. Nf3 Qc6 29. Qe5+ Kg8 30. Qc7 Qe8 31. Qe7 Qxe7 32. Rxe7 Kf8 33. Rb7 Rd8
34. Rb6 Ra8 35. Ne5 Ke7 36. Nd3 Rd8 37. Nb4 1-0

[Event "Russian Championship B13 1st league 2016"]
[Site "Loo"]
[Date "2016.04.20"]
[Round "1.2"]
[White "Konotop, Timofey"]
[Black "Zhukov, Maksim"]
[Result "0-1"]
[WhiteElo "1524"]
[BlackElo "1861"]
[PlyCount "74"]
[EventDate "2016.04.20"]

1. e4 c6 2. d4 d5 3. Bd3 g6 4. Nf3 Bg7 5. c3 Bg4 6. h3 Bxf3 7. Qxf3 e6 8. Nd2
Ne7 9. O-O O-O 10. Re1 Nd7 11. Qe3 Rc8 12. b3 c5 13. Bb2 cxd4 14. cxd4 Nb6 15.
Nf3 dxe4 16. Bxe4 Nbd5 17. Qd2 Qd6 18. Qa5 Nc6 19. Ba3 Qb8 20. Qd2 Rfd8 21.
Rad1 b5 22. Bc5 b4 23. Rb1 Nc3 24. Rb2 Nxd4 25. Bxd4 Bxd4 26. Nxd4 Qb6 27. Qg5
Rxd4 28. Bf3 Rcd8 29. Qf6 Nd5 30. Qe5 Nf4 31. Be4 Nd3 32. Bxd3 Rxd3 33. Rc2 Rd2
34. Re2 Rxe2 35. Rxe2 Rd5 36. Qf6 Qc7 37. Re3 Rd1+ 0-1

[Event "Russian Championship B13 1st league 2016"]
[Site "Loo"]
[Date "2016.04.20"]
[Round "1.3"]
[White "Galiev, Irek"]
[Black "Klykov, Georgy"]
[Result "1-0"]
[WhiteElo "1859"]
[BlackElo "1519"]
[PlyCount "71"]
[EventDate "2016.04.20"]

1. d4 d5 2. Nf3 Nf6 3. c4 c6 4. Nc3 e6 5. Bg5 Be7 6. e3 O-O 7. Bd3 dxc4 8. Bxc4
b5 9. Bd3 Nd5 10. Bxe7 Qxe7 11. O-O Nxc3 12. bxc3 Nd7 13. Rc1 a6 14. c4 bxc4
15. Rxc4 c5 16. Qc2 cxd4 17. Bxh7+ Kh8 18. Be4 Rb8 19. Nxd4 f5 20. Nc6 Qd6 21.
Nxb8 Qxb8 22. Rb1 Nb6 23. Rxb6 Qxb6 24. Rxc8 Rxc8 25. Qxc8+ Kh7 26. Bd3 Qa5 27.
Qxa6 Qd2 28. a4 Kh8 29. a5 g6 30. h3 f4 31. exf4 Qxf4 32. Qc8+ Kh7 33. a6 Qd4
34. Qc4 Qd6 35. a7 Qd8 36. Qe4 1-0

[Event "Russian Championship B13 1st league 2016"]
[Site "Loo"]
[Date "2016.04.20"]
[Round "1.4"]
[White "Tsukhaev, Musa"]
[Black "Dudin, Gleb"]
[Result "0-1"]
[WhiteElo "1518"]
[BlackElo "1857"]
[PlyCount "120"]
[EventDate "2016.04.20"]

1. e4 e6 2. d4 d5 3. Nc3 Nf6 4. Bg5 Bb4 5. e5 h6 6. Bd2 Bxc3 7. bxc3 Ne4 8. Bd3
Nxd2 9. Qxd2 c5 10. Bb5+ Bd7 11. Bxd7+ Nxd7 12. Nf3 O-O 13. O-O Rc8 14. Rab1
Qc7 15. Rfc1 a6 16. h3 b5 17. Qd3 Nb6 18. g4 cxd4 19. cxd4 Qc3 20. Kg2 Rc7 21.
Nd2 Rfc8 22. Nb3 Qxd3 23. cxd3 Na4 24. Rxc7 Rxc7 25. Rc1 Rxc1 26. Nxc1 Nc3 27.
Kf3 a5 28. Ke3 a4 29. Kd2 b4 30. Kc2 Nb5 31. Ne2 g5 32. Kb2 Kf8 33. f4 gxf4 34.
Nxf4 Nxd4 35. a3 b3 36. Kc3 Nc6 37. d4 Nxd4 38. Nd3 Nc6 39. Nc5 Nxe5 40. Nxa4
Nc4 41. Kxb3 Ke7 42. Nc3 Kd6 43. a4 f5 44. gxf5 exf5 45. Ne2 Ke5 46. Kc3 f4 47.
Nxf4 Kxf4 48. Kd4 Kg3 49. Kc5 Kxh3 50. Kxd5 Nb6+ 51. Ke5 Nxa4 52. Kf4 h5 53.
Kf3 h4 54. Kf2 Kg4 55. Kg2 h3+ 56. Kh2 Nc3 57. Kh1 Kg3 58. Kg1 Ne4 59. Kh1 Nf2+
60. Kg1 h2+ 0-1

[Event "Russian Championship B13 1st league 2016"]
[Site "Loo"]
[Date "2016.04.20"]
[Round "1.5"]
[White "Bobkov, Vadim"]
[Black "Peregudov, Denis"]
[Result "1-0"]
[WhiteElo "1839"]
[BlackElo "1517"]
[PlyCount "53"]
[EventDate "2016.04.20"]

1. d4 e6 2. c4 b6 3. Nf3 Bb7 4. g3 Bb4+ 5. Nc3 f5 6. Bg2 Nf6 7. O-O Bxc3 8.
bxc3 O-O 9. d5 Qe8 10. Ba3 d6 11. Ng5 e5 12. Ne6 Rf7 13. Qc2 g6 14. e4 Nxe4 15.
Bxe4 fxe4 16. Qxe4 Re7 17. Qh4 Bc8 18. Ng5 Bf5 19. f4 Bd3 20. fxe5 Bxf1 21.
Rxf1 Rd7 22. e6 Rg7 23. Rf7 Qa4 24. Rxg7+ Kxg7 25. Qxh7+ Kf6 26. Qf7+ Kxg5 27.
Qf4+ 1-0

[Event "Russian Championship B13 1st league 2016"]
[Site "Loo"]
[Date "2016.04.20"]
[Round "1.6"]
[White "Zhuk, Kirill"]
[Black "Zemskov, Roman"]
[Result "0-1"]
[WhiteElo "1515"]
[BlackElo "1824"]
[PlyCount "64"]
[EventDate "2016.04.20"]

1. e4 c5 2. Nf3 d6 3. c3 g6 4. d4 cxd4 5. cxd4 Nf6 6. Bb5+ Bd7 7. Bxd7+ Qxd7 8.
Nc3 Bg7 9. O-O O-O 10. h3 Nc6 11. Be3 Rfc8 12. Qd2 Na5 13. b3 b5 14. Ne2 Nc6
15. Ng3 a5 16. Rac1 h5 17. Bh6 Bh8 18. Rfd1 a4 19. Nh4 Kh7 20. Bf4 axb3 21.
axb3 Ra3 22. Qb2 b4 23. Be3 Na5 24. Ra1 Rxb3 25. Qa2 Ra8 26. Kh2 Qe6 27. d5 Qc8
28. Bb6 Ra3 29. Qd2 Nc4 30. Qc1 Rxa1 31. Qxa1 Rxa1 32. Rxa1 Ng4+ 0-1

[Event "Russian Championship B13 1st league 2016"]
[Site "Loo"]
[Date "2016.04.20"]
[Round "1.7"]
[White "Kamaev, Dzhabrail"]
[Black "Burdin, Shahrom"]
[Result "1-0"]
[WhiteElo "1823"]
[BlackElo "1514"]
[PlyCount "69"]
[EventDate "2016.04.20"]

1. e4 e5 2. Nf3 Nc6 3. Bb5 d6 4. c3 Nf6 5. O-O Be7 6. Re1 a6 7. Ba4 b5 8. Bb3
O-O 9. h3 Bd7 10. d4 exd4 11. cxd4 Re8 12. a3 h6 13. Nc3 Bf8 14. Bf4 Na5 15.
Bc2 c5 16. Qd3 c4 17. Qd2 Bc6 18. Rad1 Nb7 19. d5 Bd7 20. Nd4 Nc5 21. f3 Qb6
22. Be3 Qc7 23. g4 Qd8 24. Kg2 Nh7 25. Rh1 Qh4 26. Bf2 Qg5 27. f4 Qf6 28. Nf3
g5 29. f5 Qe7 30. Bxc5 dxc5 31. e5 Qd8 32. f6 Qc7 33. Rhe1 Rad8 34. Bb1 Bc8 35.
Qc2 1-0

[Event "Russian Championship B13 1st league 2016"]
[Site "Loo"]
[Date "2016.04.20"]
[Round "1.8"]
[White "Babayan, Arman"]
[Black "Mutovin, Egor"]
[Result "0-1"]
[WhiteElo "1513"]
[BlackElo "1801"]
[PlyCount "102"]
[EventDate "2016.04.20"]

1. e4 e6 2. d4 d5 3. Nd2 c5 4. c3 Nc6 5. Ne2 Qb6 6. exd5 exd5 7. Qb3 c4 8. Qxb6
axb6 9. Nf4 Nf6 10. g3 Bd6 11. Nf3 O-O 12. Bg2 Re8+ 13. Kf1 b5 14. h4 b4 15. h5
b3 16. a3 b5 17. h6 b4 18. hxg7 bxa3 19. bxa3 Bf5 20. Nh5 Ng4 21. Bh3 Be7 22.
Kg2 Bd8 23. Nf4 Ra5 24. Nh2 Nh6 25. Bxf5 Nxf5 26. Ng4 Nxg7 27. Bb2 Nf5 28. Rae1
Rxe1 29. Rxe1 Be7 30. Nh5 Kf8 31. Ngf6 Ng7 32. Nxh7+ Kg8 33. N5f6+ Bxf6 34.
Nxf6+ Kf8 35. Bc1 Ne6 36. f4 Ke7 37. Ng4 f5 38. Ne3 Kf6 39. Rh1 Kg6 40. Rf1 Rb5
41. Bb2 Ne7 42. g4 Rb8 43. gxf5+ Nxf5 44. Nxd5 Rd8 45. Re1 Nexd4 46. cxd4 Rxd5
47. Re6+ Kf7 48. Re5 Rxe5 49. fxe5 Ne3+ 50. Kf3 Nd1 51. Ba1 c3 0-1